| Tag |
First Indicator |
Second Indicator |
Subfields |
| LEADER |
00000cam a2200000Ma 4500 |
| 001 |
in00003545014 |
| 006 |
m o d |
| 007 |
cr nn||||||||| |
| 008 |
121227s1995 mau o 000 0 eng d |
| 005 |
20260420205907.7 |
| 020 |
|
|
|a 9781461586036 (electronic bk.)
|
| 020 |
|
|
|a 1461586038 (electronic bk.)
|
| 020 |
|
|
|z 1461586038
|
| 035 |
|
|
|a (OCoLC)840286615
|
| 040 |
|
|
|a I9W
|b eng
|e pn
|c I9W
|d UV0
|d OCLCO
|d GW5XE
|d OCLCQ
|d OCLCF
|d UtOrBLW
|
| 049 |
|
|
|a TXAM
|
| 050 |
|
4 |
|a QB4
|
| 082 |
0 |
4 |
|a 520
|2 23
|
| 100 |
1 |
|
|a Aarons, Jules.
|
| 245 |
1 |
0 |
|a Solar System Radio Astronomy :
|b Lectures presented at the NATO Advanced Study Institute of the National Observatory of Athens: Cape Sounion August 2-15, 1964 /
|c edited by Jules Aarons.
|
| 264 |
|
1 |
|a Boston, MA :
|b Springer US,
|c 1995.
|
| 300 |
|
|
|a 1 online resource.
|
| 336 |
|
|
|a text
|b txt
|2 rdacontent
|
| 337 |
|
|
|a computer
|b c
|2 rdamedia
|
| 338 |
|
|
|a online resource
|b cr
|2 rdacarrier
|
| 500 |
|
|
|a Electronic resource.
|
| 650 |
|
0 |
|a Physics.
|
| 650 |
|
7 |
|a Physics.
|2 fast
|0 (OCoLC)fst01063025
|
| 655 |
|
7 |
|a Electronic books.
|2 local
|
| 710 |
2 |
|
|a SpringerLink (Online service)
|
| 856 |
4 |
0 |
|u http://proxy.library.tamu.edu/login?url=https://link.springer.com/10.1007/978-1-4615-8603-6
|z Connect to the full text of this electronic book
|t 0
|
| 994 |
|
|
|a 92
|b TXA
|
| 999 |
|
|
|a MARS
|
| 999 |
f |
f |
|s 3e3fdb10-f504-3894-87cb-bb1ffa3f70b7
|i 3cbd8899-a861-352a-8a13-625992b0d163
|t 0
|
| 952 |
f |
f |
|a Texas A&M University
|b College Station
|c Electronic Resources
|s www_evans
|d Available Online
|t 0
|e QB4
|h Library of Congress classification
|
| 998 |
f |
f |
|a QB4
|t 0
|l Available Online
|